|
|
|
|
| LEADER |
00975cam a2200253 7i4500 |
| 001 |
0000037266 |
| 005 |
20170218090000.0 |
| 020 |
|
|
|a 1562865889 (pbk.)
|
| 020 |
|
|
|a 9781562865887 (pbk.)
|
| 090 |
0 |
0 |
|a HD58.82
|b .P55 2010
|
| 100 |
1 |
|
|a Phillips, Jack J
|
| 245 |
1 |
0 |
|a Measuring for success :
|b what CEOs really think about learning investments
|c Jack J. Phillips, Patricia Pulliam Phillips.
|
| 260 |
|
|
|a Alexandria, VA:
|b ASTD Press,
|c 2010.
|
| 300 |
|
|
|a xiv, 286 p.:
|b ill.;
|c 23 cm.
|
| 650 |
0 |
0 |
|a Organizational learning --
|x Evaluation
|
| 650 |
0 |
0 |
|a Chief executive officers
|
| 650 |
0 |
0 |
|a Employees --
|x Training of --
|x Evaluation
|
| 650 |
0 |
0 |
|a Rate of return
|
| 700 |
1 |
|
|a Phillips, Patricia Pulliam
|
| 710 |
0 |
|
|a American Society for Training and Development
|
| 997 |
|
|
|a Business & Accountancy, Faculty
|
| 998 |
|
|
|a Accountancy, Degree
|
| 999 |
|
|
|a 0000044096
|b BOK
|c OPEN SHELF
|e 1st Floor, Shah Alam
|
| 999 |
|
|
|a 0000044097
|b BOK
|c OPEN SHELF
|e 1st Floor, Shah Alam
|